00556nam a22001697a 450000500170000001000150001702000260003203500140005803700130007208200260008524501030011125000160021426000400023027000610027030000200033170000350035120240101113721.0 aENG-135530 c375.00a9788173719974 aEN-119062 bDBAD/PUB a616.904122nd edition aAnanthanarayan and Panikers:bTextbook of microbiology for nurse/cEditied by Veeraraghavan balaji a2nd edition aTelanganabuniversities pressc2016 bTelanganaa3-6-747/1/a AND 3-6-754, HAMAYATNAGARe500029 a334p.c28m(pbk) aBalaji, Veeraraghavan eEditor